From microphysics to macrophysics : methods and applications of statistical physics
Αποθηκεύτηκε σε:
| Κύριος συγγραφέας: | |
|---|---|
| Μορφή: | Βιβλίο |
| Γλώσσα: | English |
| Δημοσίευση: |
Berlin :
Springer-Verlag,
c1991-c1992.
|
| Σειρά: | Texts and monographs in physics
|
| Θέματα: | |
| Ετικέτες: |
Προσθήκη ετικέτας
Δεν υπάρχουν, Καταχωρήστε ετικέτα πρώτοι!
|
MARC
| LEADER | 00000cam a2200000 i 4500 | ||
|---|---|---|---|
| 001 | 1/29031 | ||
| 008 | 960620s19911992gw | ||| |||| ||eng|| | ||
| 020 | |a 3540532668 | ||
| 020 | |a 3540535993 | ||
| 035 | |a 1995 |l 10038221 | ||
| 040 | |a GR-MyUa |b gre |e AACR2 | ||
| 041 | 1 | |a eng | |
| 082 | 7 | |a 530.13 |2 (22) | |
| 100 | 1 | |a Balian, Roger. | |
| 245 | 1 | 0 | |a From microphysics to macrophysics : |b methods and applications of statistical physics / |c Roger Balian ; translated by D. ter Haar and J.F. Gregg. |
| 260 | |a Berlin : |b Springer-Verlag, |c c1991-c1992. | ||
| 300 | |a 2 τ. ; |c 24 εκ. | ||
| 490 | 1 | |a (Texts and monographs in physics) | |
| 500 | |a Περιλαμβάνει ευρετήριο. | ||
| 650 | 0 | |a Statistical physics. | |
| 830 | 0 | |a Texts and monographs in physics | |
| 852 | |a INST |b SAMOS |e 19960620 |h 530.13 BAL |p 005300005188 |q 005300005188 |t BK |y 0 |z v.2 | ||
| 852 | |a INST |b SAMOS |e 19960621 |h 530.13 BAL |p 005300005189 |q 005300005189 |t BK |y 0 |z v.1 | ||
| 852 | |a INST |b SAMOS |e 19960620 |h 530.13 BAL |p 005300005188 |q 005300005188 |t BK |v v.2: |y 0 |z v.2 | ||
| 852 | |a INST |b SAMOS |e 19960621 |h 530.13 BAL |p 005300005189 |q 005300005189 |t BK |v v.1: |y 0 |z v.1 | ||
| 853 | |a INST |b SAMOS |h 530.13 BAL | ||